000 00638nam a2200205 i 4500
001 145516
003 ES-MaACL
005 20251124063455.0
007 t|
008 071015s1933 ag |||| | spa d
080 _a002:347.78
100 1 _aVenegas, José,
_d1896-1948
_9113888
245 1 3 _aEl libro argentino y la propiedad intelectual /
_cJosé Venegas.
260 _aBuenos Aires :
_b[s.n.],
_c1933 (
_fEstablecimiento Gráf. Argentino)
300 _a[36] p. ;
_c18 cm.
650 0 7 _aLibros
_2embne
_914428
650 0 7 _aPropiedad intelectual
_2embne
_916488
852 _aES-MaACL
_j1787-F-15
999 _c145516
_d145516